Research writing for beginners (Record no. 18398)
[ view plain ]
| 000 -LEADER | |
|---|---|
| fixed length control field | 00656nam a22002417a 4500 |
| 003 - CONTROL NUMBER IDENTIFIER | |
| control field | OSt |
| 005 - DATE AND TIME OF LATEST TRANSACTION | |
| control field | 20140310183024.0 |
| 008 - FIXED-LENGTH DATA ELEMENTS--GENERAL INFORMATION | |
| fixed length control field | 130215t xxu||||| |||| 00| 0 eng d |
| 020 ## - INTERNATIONAL STANDARD BOOK NUMBER | |
| International Standard Book Number | 9710870149 |
| 050 ## - LIBRARY OF CONGRESS CALL NUMBER | |
| Classification number | H62 |
| Item number | .L351 2011 |
| 082 ## - DEWEY DECIMAL CLASSIFICATION NUMBER | |
| Classification number | FIL 808.02 |
| Item number | L351 2011 |
| 245 ## - TITLE STATEMENT | |
| Title | Research writing for beginners |
| Statement of responsibility, etc | Latada, Mabel S. Sustiverio |
| 260 ## - PUBLICATION, DISTRIBUTION, ETC. (IMPRINT) | |
| Place of publication, distribution, etc | Mandaluyong City, Philippines |
| Name of publisher, distributor, etc | National Book Store |
| Date of publication, distribution, etc | 2011 |
| 300 ## - PHYSICAL DESCRIPTION | |
| Extent | xiv, 134 p. |
| Other physical details | ill. |
| Dimensions | 22.1 cm. |
| 521 ## - TARGET AUDIENCE NOTE | |
| Target audience note | |
| 526 ## - STUDY PROGRAM INFORMATION NOTE | |
| Reading level | 1210L-1700L |
| 541 ## - IMMEDIATE SOURCE OF ACQUISITION NOTE | |
| -- | 1 |
| 541 ## - IMMEDIATE SOURCE OF ACQUISITION NOTE | |
| -- | 2 |
| 541 ## - IMMEDIATE SOURCE OF ACQUISITION NOTE | |
| -- | 3 |
| 541 ## - IMMEDIATE SOURCE OF ACQUISITION NOTE | |
| -- | 4 |
| 562 ## - COPY AND VERSION IDENTIFICATION NOTE | |
| Number of copies | 4 |
| 942 ## - ADDED ENTRY ELEMENTS (KOHA) | |
| Source of classification or shelving scheme | Library of Congress Classification |
| Koha item type | Books |
| Call number prefix | Filipininana |
| Withdrawn status | Lost status | Source of classification or shelving scheme | Damaged status | Home library | Current library | Shelving location | Date acquired | Total Checkouts | Total Renewals | Full call number | Barcode | Date last seen | Date checked out | Copy number | Price effective from | Koha item type | Source of acquisition |
|---|---|---|---|---|---|---|---|---|---|---|---|---|---|---|---|---|---|
| Library of Congress Classification | Archives | Archives | 04/24/2013 | H62 .L351 2011 | C13399 | 05/08/2018 | 2 | 04/24/2013 | Books | Donation | |||||||
| Library of Congress Classification | Archives | Archives | 05/17/2013 | H62 .L351 2011 | C12305 | 05/08/2018 | 4 | 05/17/2013 | Books | Donation | |||||||
| Library of Congress Classification | College Library | College Library | Filipiniana Section | 02/15/2013 | 3 | 6 | H62 .L351 2011 | c12304 | 05/08/2018 | 08/29/2017 | 1 | 02/15/2013 | Books | ||||
| Library of Congress Classification | College Library | College Library | Filipiniana Section | 04/24/2013 | H62 .L351 2011 | c13400 | 05/08/2018 | 3 | 04/24/2013 | Books |